| 000 | 00516nam a2200205Ia 4500 | ||
|---|---|---|---|
| 008 | 160319s9999 xx 000 0 und d | ||
| 020 | _a0-83843987x | ||
| 050 | _a411 | ||
| 050 | _b.S559w 1994 | ||
| 100 | _aShoemaker, Connie | ||
| 245 | _aWrite ideas : | ||
| 245 | _ba beginning writing text / | ||
| 245 | _cConnie Shoemaker and Susan Polycarpou. | ||
| 260 | _aU.S.A. : | ||
| 260 | _bHeinle & Heinle, | ||
| 260 | _c1994 | ||
| 300 | _axi, 148 pages ; | ||
| 300 | _billustrations ; | ||
| 300 | _c28 cm | ||
| 999 |
_c291969 _d291969 |
||